Selected Categories of Levies and Their Impact on Economic Results of Small and Medium-Sized Enterprises
Vplyv zmien vo výškach odvodov na konečnú finančnú výkonnosť malých a stredných podnikov.
Saved in:
| Main Author: | |
|---|---|
| Other Authors: | |
| Format: | Book Chapter |
| Language: | English |
| Subjects: | |
| Tags: |
No Tags, Be the first to tag this record!
|
MARC
| LEADER | 00000naa a2200000 4500 | ||
|---|---|---|---|
| 001 | 0246450 | ||
| 005 | 20221031112001.4 | ||
| 041 | 0 | |a eng | |
| 044 | |a UA | ||
| 245 | 1 | 0 | |a Selected Categories of Levies and Their Impact on Economic Results of Small and Medium-Sized Enterprises |c Katarína Havierniková, Paulína Srovnalíková |
| 520 | |a Vplyv zmien vo výškach odvodov na konečnú finančnú výkonnosť malých a stredných podnikov. | ||
| 610 | 2 | 0 | |a odvody |
| 610 | 2 | 0 | |a odvody z prírastku miezd |
| 610 | 2 | 0 | |a mzdy |
| 610 | 2 | 0 | |a mzdy minimálne |
| 610 | 2 | 0 | |a podnik malý |
| 610 | 2 | 0 | |a podnik stredný |
| 610 | 2 | 0 | |a výsledok hospodársky |
| 610 | 2 | 0 | |a zisk podnikový |
| 100 | 1 | |a Havierniková, Katarína | |
| 700 | 1 | |a Srovnalíková, Paulína | |